MDQL
is popping MORE tags! Check the
thread
!
Quizzes
Events
Quiz Creation
Community
Videos
Private Events
Remove Ads
Sign In
Join for FREE
Feedback
Dark Mode
Quiz Categories
Sports
Geography
Music
Movies
Television
Just For Fun
Miscellaneous
History
Literature
Language
Science
Gaming
Entertainment
Religion
Holiday
For Kids
Quiz Lab
Recent
Popular Today
Quiz Kudos Today
Editor Picks
Curator Picks
Quizzes by...
Day
Popularity
Type
Ratings
Length
Year
Community
Subscriptions
Recent Discussions
Orange Saloon
Badges
Playlists
Quests
Create
Leaderboards
Showdown
Live 5
Trivia Bingo
Activity
Puzzle Library
Sporcle Events
Private Events
Virtual Trivia
Globe League
Become a Host
Pub Owners
SporcleCon
Opinionation
Our Games
Videos
Blog
Mobile Apps
Partnerships
Remove Ads and Go Orange
Feedback
Language
Vocabulary
Begins and Ends
Definition
Spanish
French
German
Italian
Chinese
Latin
Translation
Japanese
Language
Vocabulary
Begins and Ends
Definition
Spanish
French
German
Italian
Chinese
Latin
Translation
Japanese
Random Quiz
Search Sporcle
×
Quiz Lab
Quiz Lab
Language
Animal
Type in answers that appear in a list
Type in answers that appear in a list
Classic
Best Score? Go Orange.
The Legend of Zorro Stats
Can you name the The Legend of Zorro vocab?
By
Wkckarategirl96
6m
32 Questions
41 Plays
41 Plays
41 Plays
Comments
Comments
Give Quiz Kudos
Give Quiz Kudos
-
- Ratings
hide this ad
Replay
Link that replays current quiz
Next Quiz
Link to next quiz in quiz playlist
You Got
0%
They Got
Avg Score
26%
Avg Friend Score
Upgrade to see
Score Distribution
Jump to the score distribution portion of the page
Score
0/32
Timer
06:00
0
Plays Today
% Correct
a man
82.9%
a man
82.9%
a hat
75.6%
bandit
75.6%
fox
58.5%
a legend
53.7%
adventure
51.2%
mask
43.9%
a church
39%
hope
36.6%
historical fiction
36.6%
flag
26.8%
love
17.1%
to fight
17.1%
waterfall
14.6%
mustache
12.2%
% Correct
legendary hero
12.2%
nobility
12.2%
candles
12.2%
Dictator of Spain
9.8%
spanish
9.8%
sword fight
9.8%
spanish owned ranch
7.3%
land owner
7.3%
lord, lady
7.3%
un actor espanol
4.9%
a tall cactus
4.9%
public square
4.9%
horse horse ridder
2.4%
outline shadow
2.4%
shawl
2.4%
person who takes the law into their own hand
0%
Quiz Playlist
Details
Report
Send in Message
Add To Playlist
Classic:
Type in answers that appear in a list
Last Updated: Feb 16, 2017
Quiz Scoreboard
CHALLENGE
Sign Up to Join the Scoreboard
Show All
Scores
Hide
Comments
May contain spoilers
Recently Published
1-10 Letter E Words III
by El_Dandy
Language
2m
Street Fighter Characters
by Artimus82
Gaming
60s
College Basketball Coaching Resumes
by pancakes188
Sports
9m
More to Explore
Quiz From the Vault
Featured Blog Post
Where Did the Easter Bunny Come From?
hide this ad
You Might Also Like...
Tags
Animal Quiz
legend
Zorro
Today's Top Quizzes in Language
Browse Language
hide this ad
Today's Top Quizzes in Animal
Browse Animal
Top Contributed Quizzes in Language
1
1-10 Letter F Words III
2
1-10 Letter G Words III
3
1-10 Letter H Words III
4
Celtic Nations in their Language
5
Alphabetize! : 'As' words
6
1-10 Letter I Words III
7
One Thing in Common: Italy
8
1-10 Letter J Words III
9
Order Up: Top 10 Most Native Spoken Languages
10
Weisst du, aus welchen Sprachen diese Wörter stammen?
Explore More
Trending Topics
Kpop
Marvel
Anime
Harry Potter
NBA
Crossword
Disney
Soccer
Country
The Office
Pokémon
NFL
Song
Puzzle
WWE
hide this ad
More By:
Wkckarategirl96
Quiz
Plays
Rating
Category
Featured
Created
The Legend of Zorro
41
Language
Mar 11, 2012
comida vocab
3
Language
Mar 11, 2012
Arte vocab
1
Language
Mar 11, 2012
Go to Creator's Profile
Score Distribution
Quiz Creator Spotlight
Wkckarategirl96
Follow
Send a Message
Quizzes Created
-
Created Quiz Play Count
-
More By This Creator
Popular Quizzes Today
1
Find the US States - No Outlines Minefield
2
Find the Countries of Europe - No Outlines Minefield
3
The Countries of the World
4
Find the US States
5
Risky Map Clicking: Biggest States A-Z
6
US States
7
Popular People in 1961
8
Movies - When Are They Set?
More Language Quizzes
Vocabulary Blitz XXXII
Published
Trending Quizzes
Risky Map Clicking: Least Populous States A-Z
1-10 Letter G Words
USA Borders Longest to Shortest
1-10 Letter F Words
Countries of the World: 200 Million BC
Recently Updated
Leaping Animals
pecheneg
Reality TV Shows (A-Z)
bhenderson79
Rickey Henderson's Hall of Fame Teammates
pecheneg
Champions League XIs: Arsenal
pecheneg
Quick Pick: Celebrities in WWE's Hall of Fame
aduchscher
A-Z Keypad Blitz II
pecheneg
Multiple Oscar Actors
pecheneg
Mystery Phrase Blitz: Oscar 'Best Actors'
pecheneg
F. Scott Fitzgerald Novels
LTH
Pick 3 Villains
ddd62291
Trending Topics
Harry Potter
Crossword
Marvel
Anime
NBA
Disney
Kpop
Pokémon
WWE
Country
NFL
Soccer
Puzzle
Song
The Office
Your Account Isn't Verified!
In order to create a playlist on Sporcle, you need to verify the email address you used during registration. Go to your
Sporcle Settings
to finish the process.
Report this User
Report this user for behavior that violates our
Community Guidelines
.
Details:
Send Report
Go to the Sporcle.com Mobile Site →
Comments